都道府県別最高気温観測地点 - Statistics

General Stats
  • This quiz has been taken 29 times
  • The average score is 19 of 47
Answer Stats
都道府県 観測地点 観測値 % Correct
群馬 伊勢崎 41.8
77%
埼玉 鳩山 41.4
77%
静岡 静岡 41.4
73%
愛知 名古屋 40.3
73%
山形 山形 40.8
69%
山梨 甲府 40.7
69%
佐賀 佐賀 39.6
69%
青森 弘前 39.3
62%
京都 福知山 40.6
62%
秋田 横手 39.2
58%
栃木 佐野 41.0
58%
東京 青梅 40.8
54%
北海道 佐呂間 39.5
50%
茨城 古河 40.6
50%
鳥取 鳥取 39.4
50%
愛媛 宇和島 40.2
50%
大分 日田 39.9
50%
神奈川 海老名 39.9
46%
三重 桑名 40.4
46%
大阪 豊中 39.9
46%
福岡 久留米 39.5
46%
岩手 釜石 38.8
42%
岐阜 美濃 41.0
42%
兵庫 柏原 41.2
42%
高知 江川崎 41.0
42%
長崎 島原 39.2
42%
石川 小松 40.3
38%
島根 益田 39.3
38%
滋賀 東近江 39.2
35%
和歌山 かつらぎ 40.6
35%
新潟 中条 40.8
31%
香川 滝宮 38.8
31%
福島 梁川 40.0
27%
富山 富山 39.8
27%
岡山 高梁 40.4
27%
福井 三国 39.7
23%
千葉 牛久 40.2
19%
長野 南信濃 39.5
15%
奈良 風屋 39.9
15%
宮崎 西米良 39.7
15%
山口 広瀬 39.3
12%
徳島 穴吹 39.5
12%
広島 加計 40.0
8%
熊本 牛深 39.6
8%
鹿児島 肝付前田 38.5
4%
宮城 志津川 38.0
0%
沖縄 下地島 36.1
0%
No matching quizzes found
Score Distribution
Percent of People with Each Score
Percentile by Number Answered
Your Score History
You have not taken this quiz